Riconosci il Calciatore - Quiz n°1090 - Statistics

Statistiche generali
  • Questo quiz è stato fatto 5 volte
  • Il punteggio medio è 12 su 16
Statistiche sulle risposte
Indizio Risposta % Corretto
Data di nascita 06/02/1995
100%
Ruolo Centrocampista
100%
Nazionalità Germania
100%
Gol in nazionale 14
80%
Gol nei club 59
80%
Trofei per nazionali Argento olimpico: 1
Rio de Janeiro 2016
Confederations Cup: 1
Russia 2017
80%
Squadra di club 3 Bayern Monaco 2018-
80%
Squadra di club 1 Bochum 2012-2013
80%
Squadra di club 2 Schalke 04 2013-2018
80%
Trofei per club Supercoppa di Germania: 4
Bayern Monaco: 2018, 2020, 2021, 2022
Campionato tedesco: 5
Bayern Monaco: 2018-2019, 2019-2020, 2020-2021, 2021-2022, 2022-2023
Coppa di Germania: 2
Bayern Monaco: 2018-2019, 2019-2020
UEFA Champions League: 1
Bayern Monaco: 2019-2020
Supercoppa UEFA: 1
Bayern Monaco: 2020
Coppa del mondo per club: 1
Bayern Monaco: 2020
80%
Altezza 189 cm
60%
Presenze nei club 370
60%
Presenze in nazionale 57
60%
Peso 82 kg
60%
Trofei individuali Fritz-Walter-Medaille: 1
Miglior Under-17: 2012
Capocannoniere della Confederations Cup: 1
2017 (3 gol, a pari merito con Lars Stindl e Timo Werner)
Squadra della stagione della UEFA Champions League: 1
2019-2020
60%
Calciatore Leon Goretzka
60%
Nessun quiz corrispondente trovato
Distribuzione punteggi
Percentuale di utenti per punteggio
Percentile per numero di risposta
I tuoi punteggi nel tempo
Non hai fatto questo quiz